Pj Harvey - Statistics

General Stats
  • This quiz has been taken 16 times
  • The average score is 4 of 8
Answer Stats
Hint Answer % Correct
What is her full name? Polly Jean Harvey
100%
What is her most famous song? Down By The Water
93%
What was her first album? Dry
80%
Who did she marry the divorce? Nick Cave
47%
What song has the line on a rooftop in Brooklyn? You Said Something
33%
What town is she from? Bridport
13%
What is her birthday October 9
7%
What band has she been in? The Desert Session
7%
No matching quizzes found
Score Distribution
Percent of People with Each Score
Percentile by Number Answered
Your Score History
You have not taken this quiz